000 00526nam a2200193 a 4500
001 1776331134829
003 YourLibrary
005 20260416145133.0
008 260416s2006##################000#0#eng##
020 _a9781403941657
082 0 4 _a361.61091759
_bKAR
100 1 _aKarshenas, Massoud,
_eauthor.
245 1 0 _aSocial Policy in the Middle East :
260 _bPalgrave MacMillan,
_c2006.
300 _a288 pages
650 0 _aBusiness & Economics.
942 _cENGLISH
040 _aYourLibrary
_beng
_cYourLibrary
999 _c619490
_d619490